| 000 | 01508aam a2200301 4500 | ||
|---|---|---|---|
| 001 | 19321 | ||
| 003 | CO-MdFUSB | ||
| 005 | 20190202100448.0 | ||
| 008 | 170324t19951980enkb|||f |||| 00| 0 eng d | ||
| 020 | _a0-85244-274-2 | ||
| 040 |
_aCO-MdFUSB _bspa _cCO-MdFUSB _dCO-MdFUSBC _erda |
||
| 041 | _aeng | ||
| 082 |
_224 _aG 270.092 _bB463b |
||
| 100 | 1 | _aFarmer, D. H., (Editor) | |
| 245 | 0 | 0 |
_aBenedict's disciples _c/ Editado por D. H. Farmer _b: |
| 250 | _aSegunda edición | ||
| 264 | 1 |
_aHerefordshire, England : _bGracewing, _c℗1995 |
|
| 264 | 4 | _c©1980 | |
| 300 |
_axviii, 393 páginas _b: _c; |
||
| 336 |
_2rdacontent _a1 _ba1 |
||
| 337 |
_2rdamedia _a2 _b5 |
||
| 338 |
_2rdacarrier _a2 _b5 |
||
| 505 | 0 | 0 | _aSan Benito - San Gregorio y San Agustín - San Cuthbert y San Wilfrid - Santa Hilda y San Etheldreda - San Beda - San Bonifacio en su correspondencia - Cluny: Silentia Claustri - San Dunstan y la reforma monástica - Lanfranco y San Anselmo - San Ailred de Rievaulx - San Godric de Finchale y San Bartolomé de Farne - Thomas de la Mare y Uthred de Boldon - Monjas benedictinas en la Inglaterra medieval - Los últimos abades de Glastonbury, Reading y Colchester - Tres mártires benedictinos del siglo XVII - Dame Gertrude Más - La misión y los misioneros benedictinos ingleses - El renacimiento benedictina en el siglo XIX - Arzobispo Ullathorne - Monacato benedictino en el siglo XX |
| 563 | _aRústico | ||
| 650 | 7 |
_aTeólogos _2 _9233 |
|
| 942 | _cBK | ||
| 999 |
_c45686 _d45686 |
||